Theory of structures (Record no. 26698)
[ view plain ]
| 000 -LEADER | |
|---|---|
| fixed length control field | 00276nam a2200121Ia 4500 |
| 082 ## - DEWEY DECIMAL CLASSIFICATION NUMBER | |
| Classification number | 624 |
| Item number | KHU |
| 100 ## - MAIN ENTRY--AUTHOR NAME | |
| Personal name | Khurmi, R S |
| 245 #0 - TITLE STATEMENT | |
| Title | Theory of structures |
| 250 ## - EDITION STATEMENT | |
| Edition statement | 3 |
| 260 ## - PUBLICATION, DISTRIBUTION, ETC. (IMPRINT) | |
| Place of publication | New Delhi |
| Name of publisher | S Chand |
| Year of publication | 1977 |
| 942 ## - ADDED ENTRY ELEMENTS (KOHA) | |
| Koha item type | Books |
| Withdrawn status | Lost status | Damaged status | Not for loan | Home library | Current library | Date acquired | Cost, normal purchase price | Full call number | Accession Number | Koha item type |
|---|---|---|---|---|---|---|---|---|---|---|
| RRII Library | RRII Library | 16/12/2021 | 25.00 | 624 KHU | 07330 | Books |